Ekumenismus na druhém vatikánském koncilu / Karel Skalický
Record details
- ISBN: 80-7192-164-5
- Physical Description: 133 s. ; 21 cm
- Edition: Vyd. v KN 1.
- Publisher: Kostelní Vydří : Karmelitánské nakladatelství, 1997
Content descriptions
| General Note: | Pozn. |
| Bibliography, etc. Note: | Bibliogr. Jmenný rejstřík |
Search for related items by subject
| Subject: | Katolická církev. Vatikánský koncil (2. : 1962-1965) ekumenismus > 20. století učení katolické církve |
| Genre: | pojednání |
Search for related items by series
Available copies
- 1 of 1 copy available at Common Catalog SPOK.
Holds
- 0 current holds with 1 total copy.
Show Only Available Copies
| Location | Call Number / Copy Notes | Barcode | Shelving Location | Status | Due Date |
|---|---|---|---|---|---|
| Jabok Library | EK-4.1.7 | 424480026423 | Odborná literatura | Available | - |
| LDR | 01511nam a2200409 a 4500 | ||
|---|---|---|---|
| 001 | 2733 | ||
| 003 | CZ-PrJAB | ||
| 005 | 20160212130651.0 | ||
| 007 | tu | ||
| 008 | 970602s1997 xr e 001 0 cze | ||
| 015 | . | ‡acnb000207510 | |
| 020 | . | ‡a80-7192-164-5 ‡q(váz.) : ‡cKč 110,00 | |
| 035 | . | ‡a(CZ PrNK)cpk19970207510 | |
| 035 | . | ‡a(OCoLC)37963768 | |
| 040 | . | ‡aABA001 ‡bcze | |
| 045 | . | ‡ax6x6 | |
| 072 | 7. | ‡a27 ‡xKřesťanství. Křesťanská církev všeobecně. Eklesiologie ‡2Konspekt ‡95 | |
| 080 | . | ‡a27-675 ‡2MRF | |
| 080 | . | ‡a272-1/-9 ‡2MRF | |
| 080 | . | ‡a(049) ‡2MRF | |
| 100 | 1 | . | ‡aSkalický, Karel, ‡d1934- ‡7jn19990009982 ‡4aut |
| 245 | 1 | 0. | ‡aEkumenismus na druhém vatikánském koncilu / ‡cKarel Skalický |
| 250 | . | ‡aVyd. v KN 1. | |
| 260 | . | ‡aKostelní Vydří : ‡bKarmelitánské nakladatelství, ‡c1997 | |
| 300 | . | ‡a133 s. ; ‡c21 cm | |
| 490 | 1 | . | ‡aStudie Teologické fakulty Jihočeské univerzity ; ‡vsv. 1 |
| 500 | . | ‡aPozn. | |
| 504 | . | ‡aBibliogr. | |
| 504 | . | ‡aJmenný rejstřík | |
| 610 | 2 | 7. | ‡aKatolická církev. ‡bVatikánský koncil ‡n(2. : ‡d1962-1965) ‡7kn20010710722 ‡2czenas |
| 648 | 7. | ‡a20. století ‡7ch460558 ‡2czenas | |
| 650 | 0 | 7. | ‡aekumenismus ‡7ph119842 ‡y20. století ‡2czenas |
| 650 | 0 | 7. | ‡aučení katolické církve ‡7ph135482 ‡2czenas |
| 655 | 7. | ‡apojednání ‡7fd133056 ‡2czenas | |
| 830 | 0. | ‡aStudie Teologické fakulty Jihočeské univerzity | |
| 910 | . | ‡aABG312 | |
| 901 | . | ‡a2733 ‡bUnknown ‡c2733 ‡tbiblio | |